00645nam a2200169Ia 4500001001000000003000500010008004100015010001100056040000900067100003400076245016000110260003500270300001000305502007100315650003900386710005000425Para_1122CHAP220125s1996 xx 000 0 und d a199776 cCHAP aHernández Mendieta, Ernesto aIdentificación del agente causal de la pudrición blanca del manzano por medio de la detección de fenol-oxidasas /c por Ernesto Hernández Mendieta aChapingo, Méx. :b El autor a69 h. aTesis (M.C. en Protección Vegetal), UACh. Depto. Parasitología aManzana x enfermedades por hongos aUACh. Departamento Parasitología Agrícola